Ouvrages et mémoires de mathématiques composant la Bibliothèque de feu Joseph Bertrand secrétaire perpétuel de l'Académie des sciences. (Record no. 151089)

MARC details
000 -LEADER
campo de control de longitud fija 00729nam a2200205 i 4500
001 - NÚMERO DE CONTROL
campo de control 151089
003 - IDENTIFICADOR DE NÚMERO DE CONTROL
campo de control ES-MaACL
005 - FECHA Y HORA DE LA ÚLTIMA TRANSACCIÓN
campo de control 20250903084339.0
007 - CAMPO FIJO DE DESCRIPCIÓN FÍSICA--INFORMACIÓN GENERAL
campo de control de longitud fija t|
008 - DATOS DE LONGITUD FIJA--INFORMACIÓN GENERAL
campo de control de longitud fija 071205m19021903fr ||||1| fre d
245 00 - MENCIÓN DEL TÍTULO
Título Ouvrages et mémoires de mathématiques composant la Bibliothèque de feu Joseph Bertrand secrétaire perpétuel de l'Académie des sciences.
260 ## - PUBLICACIÓN, DISTRIBUCIÓN, ETC.
Lugar de publicación, distribución, etc. Paris :
Nombre del editor, distribuidor, etc. Librairie Scientifique A. Hermann,
Fecha de publicación, distribución, etc. 1902-3.
300 ## - DESCRIPCIÓN FÍSICA
Extensión 81, 83 p. ;
Dimensiones 21 cm.
505 8# - NOTA DE CONTENIDO CON FORMATO
Nota de contenido con formato Contiene: 1re et 2ème partie
650 #7 - PUNTO DE ACCESO ADICIONAL DE MATERIA--TÉRMINO DE MATERIA
Término de materia o nombre geográfico como elemento de entrada Catálogos de editores-
Subdivisión cronológica S.XX
Fuente del encabezamiento o término
9 (RLIN) 169795
650 14 - PUNTO DE ACCESO ADICIONAL DE MATERIA--TÉRMINO DE MATERIA
Término de materia o nombre geográfico como elemento de entrada Editoriales-
Subdivisión geográfica Francia-
Subdivisión cronológica S.XX.
9 (RLIN) 12069
710 2# - ENTRADA AGREGADA--NOMBRE DE ENTIDAD CORPORATIVA
Nombre de entidad corporativa o nombre de jurisdicción como elemento de entrada Librairie A. Hermann.
9 (RLIN) 5500
852 ## - LOCALIZACIÓN
Ubicación ES-MaACL
Número de control de estantería T-1121-F-4-5
Holdings
Estatus retirado Estado de pérdida Estado de daño No para préstamo Colección Biblioteca de origen Biblioteca actual Ubicación en estantería Fecha de adquisición Fuente de adquisición Total de préstamos Signatura topográfica completa Código de barras Visto por última vez Precio de reemplazo Tipo de ítem Koha
        Colección de folletos Biblioteca del Ateneo de Madrid Biblioteca del Ateneo de Madrid Depósito folletos 17/01/2008     T-1121-F-4-5 1157660 23/02/2023 23/02/2023 Folleto